| 000 | 00000nas 2200000za 4500 |
| 001 | 9.851949 |
| 003 | CaOODSP |
| 005 | 20221107154456 |
| 007 | cr ||||||||||| |
| 008 | 180216d19601969oncar p oss f0###a0eng|d |
| 022 | |y0575-9188 |
| 040 | |aCaOODSP|beng |
| 041 | |aeng|afre |
| 043 | |an-cn--- |
| 086 | 1 |aCS34-207-PDF |
| 245 | 00|aNarrow fabrics mills |h[electronic resource]. |
| 246 | 13|aIndustrie des tissus étroits|f1967-1969 |
| 260 | |a[Ottawa] : |bDominion Bureau of Statistics, Industry and Merchandising Division, |c1962-1971. |
| 310 | |aAnnual |
| 362 | 0 |a1960-1969. |
| 490 | 0 |aAnnual census of manufactures |
| 500 | |aDigitized edition from print [produced by Statistics Canada]. |
| 546 | |aText in English only, 1960-1966; text in English and French, 1967-1969. |
| 550 | |aIssued 1961-1964 by Industry Division; 1965-1969 by Manufacturing and Primary Industries Division. |
| 580 | |aAbsorbed by: Miscellaneous textile industries (Final). |
| 692 | 07|2gccst|aTextile industry |
| 710 | 1 |aCanada. |bDominion Bureau of Statistics. |bIndustry and Merchandising Division. |
| 710 | 1 |aCanada. |bDominion Bureau of Statistics. |bIndustry Division. |
| 710 | 1 |aCanada. |bDominion Bureau of Statistics. |bManufacturing and Primary Industries Division. |
| 780 | 00|tThe narrow fabrics industry |w(CaOODSP)9.851947 |
| 785 | 00|tMiscellaneous textile industries |w(CaOODSP)9.852129 |
| 792 | |tNarrow fabrics mills |efre|w(CaOODSP)9.851958 |